Longest Country Name by Letter Quiz Stats

Quiz Updated Jun 25, 2014

Challenge
Share
Tweet
Embed
Score 0/24 Timer 05:00
2 Plays Today
Letter Country % Correct
YYemen
90.8%
ZZimbabwe
90.3%
QQatar
88.7%
OOman
87%
DDemocratic Republic of the Congo
82.5%
UUnited States of America
78.8%
KKazakhstan / Kyrgyzstan
74.9%
IIndonesia
72.6%
FFinland
70.8%
JJamaica
70%
HHonduras
66.5%
AAntigua and Barbuda
65.4%
Letter Country % Correct
CCentral African Republic
63.4%
BBosnia and Herzegovina
62.6%
TTrinidad and Tobago
61.7%
VVatican City
61.7%
RRepublic of the Congo
59.1%
SSaint Vincent and the Grenadines
58.8%
LLiechtenstein
58.2%
EEquatorial Guinea
53.9%
PPapua New Guinea
52.3%
MMarshall Islands
48.5%
GGuinea-Bissau
45.9%
NNetherlands
41.3%

You're not logged in!

Compare scores with friends on all Sporcle quizzes.
Join for Free
OR
Log In

Show Comments

Extras

Top Quizzes Today


Score Distribution

Your Account Isn't Verified!

In order to create a playlist on Sporcle, you need to verify the email address you used during registration. Go to your Sporcle Settings to finish the process.

Report this User

Report this user for behavior that violates our Community Guidelines.

Details: